Smart Urban Agriculture Innovations, Policies and Sustainable Solutions for Greener Cities/ edited by G.S. Sreedaya (Record no. 52201)

MARC details
000 -LEADER
fixed length control field 00651nam a22001817a 4500
003 - CONTROL NUMBER IDENTIFIER
control field OSt
008 - FIXED-LENGTH DATA ELEMENTS--GENERAL INFORMATION
fixed length control field 260622b |||||||| |||| 00| 0 eng d
020 ## - INTERNATIONAL STANDARD BOOK NUMBER
International Standard Book Number 9789366265599
082 ## - DEWEY DECIMAL CLASSIFICATION NUMBER
Classification number 635
Item number S77S
245 ## - TITLE STATEMENT
Title Smart Urban Agriculture Innovations, Policies and Sustainable Solutions for Greener Cities/ edited by G.S. Sreedaya
260 ## - PUBLICATION, DISTRIBUTION, ETC. (IMPRINT)
Place of publication, distribution, etc New Delhi:
Name of publisher, distributor, etc International Books & Periodicals Supply Service,
Date of publication, distribution, etc 2025.
300 ## - PHYSICAL DESCRIPTION
Extent xi, 236 p.
650 ## - SUBJECT ADDED ENTRY--TOPICAL TERM
Topical term or geographic name as entry element Technology (Applied Sciences)
650 ## - SUBJECT ADDED ENTRY--TOPICAL TERM
Topical term or geographic name as entry element Agriculture and related technologies
650 ## - SUBJECT ADDED ENTRY--TOPICAL TERM
Topical term or geographic name as entry element Horticulture (Garden crops / Urban farming base class)
700 ## - ADDED ENTRY--PERSONAL NAME
Personal name Sreedaya, G.S.
942 ## - ADDED ENTRY ELEMENTS (KOHA)
Source of classification or shelving scheme
Koha item type Books
Holdings
Withdrawn status Lost status Source of classification or shelving scheme Damaged status Not for loan Home library Current library Shelving location Date acquired Source of acquisition Total Checkouts Full call number Barcode Date last seen Bill Date Koha item type Bill Number
          Dr. Rajendra Prasad Central Agricultural University Pusa, Dr. Rajendra Prasad Central Agricultural University Pusa, General Stacks 22/06/2026 IBPSS,   635 S77S 87096 22/06/2026 28/01/2026 Books 3950.00
Hosted, Implemented, Customized & Maintained by: BestBookBuddies

Powered by Koha